[Event "eytcc"]
[Site "?"]
[Date "2017.08.19"]
[Round "3.5"]
[White "Kollars, Dmitrij"]
[Black "Vykouk, Jan"]
[Result "1/2-1/2"]
[BlackElo "2431"]
[WhiteElo "2514"]
[LiveChessVersion "1.4.4"]

1. c4 c5 {[%clk 1:30:11]} 2. g3 {[%clk 1:31:05]} Nf6 {[%clk 1:29:28]} 3. Bg2
{[%clk 1:31:25]} g6 {[%clk 1:29:44]} 4. Nc3 {[%clk 1:31:02]} Bg7 {[%clk 1:30:00]}
5. e4 {[%clk 1:30:47]} d6 {[%clk 1:30:06]} 6. Nge2 {[%clk 1:31:07]} Nc6
{[%clk 1:30:15]} 7. O-O {[%clk 1:31:11]} O-O {[%clk 1:30:34]} 8. a3
{[%clk 1:30:43]} Ne8 {[%clk 1:30:12]} 9. Rb1 {[%clk 1:30:52]} Nc7
{[%clk 1:26:36]} 10. b4 {[%clk 1:27:06]} Ne6 {[%clk 1:25:53]} 11. d3
{[%clk 1:26:20]} Ned4 {[%clk 1:21:51]} 12. Be3 {[%clk 1:23:39]} Rb8
{[%clk 1:16:08]} 13. Qd2 {[%clk 1:14:38]} Bh3 {[%clk 1:04:08]} 14. f4
{[%clk 0:59:02]} Bxg2 {[%clk 0:58:57]} 15. Kxg2 {[%clk 0:59:28]} f5
{[%clk 0:56:29]} 16. bxc5 {[%clk 0:54:18]} dxc5 {[%clk 0:56:44]} 17. e5
{[%clk 0:53:42]} Qd7 {[%clk 0:54:07]} 18. Bxd4 {[%clk 0:50:14]} cxd4
{[%clk 0:52:58]} 19. Nd5 {[%clk 0:46:29]} e6 {[%clk 0:52:03]} 20. Nb4
{[%clk 0:46:23]} Rfc8 {[%clk 0:49:29]} 21. Nxc6 {[%clk 0:40:40]} Qxc6+
{[%clk 0:48:31]} 22. Kf2 {[%clk 0:39:36]} Bf8 {[%clk 0:48:12]} 23. Rb3
{[%clk 0:37:11]} b6 {[%clk 0:39:27]} 24. Rfb1 {[%clk 0:35:04]} Bc5
{[%clk 0:38:52]} 25. Ng1 {[%clk 0:33:53]} a5 {[%clk 0:35:41]} 26. a4
{[%clk 0:27:01]} Qxa4 {[%clk 0:29:45]} 27. Rb5 {[%clk 0:27:13]} Bb4
{[%clk 0:29:37]} 28. Qb2 {[%clk 0:26:25]} Rc5 {[%clk 0:28:44]} 29. Rxb4
{[%clk 0:16:15]} axb4 {[%clk 0:22:23]} 30. Ne2 {[%clk 0:15:20]} Rd8
{[%clk 0:19:54]} 31. Ra1 {[%clk 0:13:54]} Qc6 {[%clk 0:20:18]} 32. Qxb4
{[%clk 0:13:13]} Ra5 {[%clk 0:12:18]} 33. Rxa5 {[%clk 0:12:36]} bxa5
{[%clk 0:12:43]} 34. Qxa5 {[%clk 0:12:40]} Ra8 {[%clk 0:12:53]} 35. Qb4
{[%clk 0:10:51]} Qh1 {[%clk 0:11:46]} 36. Qd6 {[%clk 0:09:30]} Qxh2+
{[%clk 0:11:19]} 37. Kf3 {[%clk 0:09:34]} Qh1+ {[%clk 0:04:36]} 38. Kf2
{[%clk 0:09:59]} Qh2+ {[%clk 0:04:52]} 39. Kf3 {[%clk 0:10:24]} Qh5+
{[%clk 0:04:20]} 40. Kf2 {[%clk 0:40:40]} Qh2+ {[%clk 0:32:30]} 1/2-1/2

[Event "eytcc"]
[Site "?"]
[Date "2017.08.19"]
[Round "3.6"]
[White "Havelka, Josef"]
[Black "Perske, Thore"]
[Result "0-1"]
[BlackElo "2431"]
[WhiteElo "2338"]
[LiveChessVersion "1.4.4"]

1. e4 {[%clk 1:30:55]} e6 {[%clk 1:30:50]} 2. d4 {[%clk 1:31:18]} d5
{[%clk 1:31:07]} 3. Nd2 {[%clk 1:31:37]} c5 {[%clk 1:31:05]} 4. exd5
{[%clk 1:31:30]} exd5 {[%clk 1:31:08]} 5. Ngf3 {[%clk 1:31:42]} a6
{[%clk 1:31:07]} 6. Be2 {[%clk 1:31:52]} Nf6 {[%clk 1:31:10]} 7. O-O
{[%clk 1:31:33]} Be7 {[%clk 1:30:32]} 8. dxc5 {[%clk 1:31:38]} Bxc5
{[%clk 1:30:48]} 9. Nb3 {[%clk 1:31:58]} Bb6 {[%clk 1:31:08]} 10. c3
{[%clk 1:31:19]} O-O {[%clk 1:31:02]} 11. Bg5 {[%clk 1:31:06]} Re8
{[%clk 1:30:10]} 12. Re1 {[%clk 1:30:07]} Bxf2+ {[%clk 1:28:32]} 13. Kxf2
{[%clk 1:29:13]} Ne4+ {[%clk 1:28:53]} 14. Kg1 {[%clk 1:28:47]} Nxg5
{[%clk 1:29:15]} 15. Nxg5 {[%clk 1:29:10]} Qxg5 {[%clk 1:29:36]} 16. Bf3
{[%clk 1:29:13]} Rxe1+ {[%clk 1:28:52]} 17. Qxe1 {[%clk 1:29:39]} Be6
{[%clk 1:27:32]} 18. Nd4 {[%clk 1:29:30]} Bd7 {[%clk 1:26:46]} 19. h4
{[%clk 1:28:22]} Qf6 {[%clk 1:26:31]} 20. Bxd5 {[%clk 1:26:46]} Nc6
{[%clk 1:26:32]} 21. Qf2 {[%clk 1:03:18]} Qxf2+ {[%clk 1:24:53]} 22. Kxf2
{[%clk 0:57:50]} Rd8 {[%clk 1:25:04]} 23. Rd1 {[%clk 0:53:20]} Ne5
{[%clk 1:19:16]} 24. Kg3 {[%clk 0:36:57]} Ba4 {[%clk 1:04:06]} 25. Bb3
{[%clk 0:35:30]} Bxb3 {[%clk 1:03:31]} 26. axb3 {[%clk 0:35:55]} a5
{[%clk 1:01:05]} 27. Ra1 {[%clk 0:27:43]} b6 {[%clk 1:01:15]} 28. h5
{[%clk 0:22:33]} f6 {[%clk 0:58:46]} 29. Kf4 {[%clk 0:20:06]} Rd7
{[%clk 0:47:03]} 30. Ke4 {[%clk 0:19:25]} g6 {[%clk 0:46:44]} 31. hxg6
{[%clk 0:19:08]} hxg6 {[%clk 0:47:09]} 32. Ra4 {[%clk 0:17:01]} Rd6
{[%clk 0:38:45]} 33. b4 {[%clk 0:15:39]} Nd7 {[%clk 0:38:17]} 34. Ke3
{[%clk 0:13:47]} axb4 {[%clk 0:38:23]} 35. Rxb4 {[%clk 0:13:31]} Kf7
{[%clk 0:38:39]} 36. Ra4 {[%clk 0:12:22]} f5 {[%clk 0:37:37]} 37. Ra7
{[%clk 0:11:49]} Kf6 {[%clk 0:36:57]} 38. Nb5 {[%clk 0:08:16]} Re6+
{[%clk 0:26:48]} 39. Kd4 {[%clk 0:07:15]} Ne5 {[%clk 0:14:27]} 40. Nc7
{[%clk 0:30:37]} Nc6+ {[%clk 0:38:56]} 41. Kd5 {[%clk 0:31:01]} Ne7+
{[%clk 0:39:17]} 42. Kc4 {[%clk 0:30:30]} Re2 {[%clk 0:39:04]} 43. b4
{[%clk 0:28:23]} Rxg2 {[%clk 0:38:42]} 44. Rb7 {[%clk 0:28:07]} f4
{[%clk 0:25:41]} 45. Rxb6+ {[%clk 0:28:10]} Kf7 {[%clk 0:25:03]} 46. Kd3
{[%clk 0:19:28]} f3 {[%clk 0:21:21]} 47. Rb7 {[%clk 0:14:32]} f2 {[%clk 0:20:22]}
48. Ke2 {[%clk 0:14:57]} Nf5 {[%clk 0:20:45]} 49. Nd5+ {[%clk 0:15:16]} Kf8
{[%clk 0:20:55]} 50. Rb8+ {[%clk 0:12:29]} Kg7 {[%clk 0:21:19]} 51. Rb7+
{[%clk 0:12:43]} Kh6 {[%clk 0:21:36]} 0-1

[Event "eytcc"]
[Site "?"]
[Date "2017.08.19"]
[Round "3.7"]
[White "Keymer, Vincent"]
[Black "Kozusek, Daniel"]
[Result "1-0"]
[BlackElo "2296"]
[WhiteElo "2432"]
[LiveChessVersion "1.4.4"]

1. d4 {[%clk 1:30:52]} d5 {[%clk 1:30:32]} 2. c4 {[%clk 1:31:12]} e6
{[%clk 1:30:57]} 3. Nc3 {[%clk 1:31:23]} Bb4 {[%clk 1:31:14]} 4. Nf3
{[%clk 1:31:34]} Nf6 {[%clk 1:31:38]} 5. Qa4+ {[%clk 1:31:38]} Nc6
{[%clk 1:31:58]} 6. Bd2 {[%clk 1:31:09]} dxc4 {[%clk 1:29:19]} 7. Ne5
{[%clk 1:26:55]} Bd7 {[%clk 1:07:39]} 8. Nxc6 {[%clk 1:21:58]} Bxc3
{[%clk 1:07:49]} 9. bxc3 {[%clk 1:08:13]} Bxc6 {[%clk 1:08:06]} 10. Qxc4
{[%clk 1:08:41]} Ne4 {[%clk 0:57:23]} 11. Bf4 {[%clk 1:01:57]} Qf6
{[%clk 0:54:50]} 12. Be3 {[%clk 1:02:06]} Qh4 {[%clk 0:43:42]} 13. Qd3
{[%clk 0:58:23]} O-O {[%clk 0:43:25]} 14. g3 {[%clk 0:48:31]} Qh5
{[%clk 0:42:51]} 15. Rg1 {[%clk 0:46:47]} Qxh2 {[%clk 0:40:38]} 16. f3
{[%clk 0:45:26]} Nxg3 {[%clk 0:39:37]} 17. Rg2 {[%clk 0:45:35]} Qh3
{[%clk 0:39:20]} 18. Bf4 {[%clk 0:45:37]} Nxf1 {[%clk 0:39:05]} 19. Kxf1
{[%clk 0:46:02]} Qf5 {[%clk 0:31:18]} 20. Qxf5 {[%clk 0:45:01]} exf5
{[%clk 0:31:42]} 21. Bh6 {[%clk 0:45:27]} Rfe8 {[%clk 0:25:24]} 22. Rxg7+
{[%clk 0:45:00]} Kh8 {[%clk 0:24:21]} 23. Rxf7 {[%clk 0:45:20]} Bb5
{[%clk 0:24:38]} 24. Re1 {[%clk 0:44:29]} Bc4 {[%clk 0:17:04]} 25. Rxc7
{[%clk 0:44:25]} b5 {[%clk 0:17:13]} 26. Bf4 {[%clk 0:43:11]} Bxa2
{[%clk 0:16:43]} 27. Kf2 {[%clk 0:42:46]} Re6 {[%clk 0:15:38]} 28. Rh1
{[%clk 0:42:54]} Rae8 {[%clk 0:14:10]} 29. Rhxh7+ {[%clk 0:42:58]} Kg8
{[%clk 0:14:33]} 30. Be5 {[%clk 0:43:09]} 1-0

[Event "eytcc"]
[Site "?"]
[Date "2017.08.19"]
[Round "3.8"]
[White "Zeman, Matyas"]
[Black "Sawlin, Leonid"]
[Result "0-1"]
[BlackElo "2331"]
[WhiteElo "2168"]
[LiveChessVersion "1.4.4"]

1. d4 {[%clk 1:30:48]} e6 {[%clk 1:30:50]} 2. Bf4 {[%clk 1:30:48]} Nf6
{[%clk 1:29:43]} 3. e3 {[%clk 1:30:58]} d5 {[%clk 1:29:01]} 4. Nd2
{[%clk 1:30:59]} c5 {[%clk 1:28:49]} 5. c3 {[%clk 1:31:23]} Nc6 {[%clk 1:29:02]}
6. Ngf3 {[%clk 1:31:37]} Bd6 {[%clk 1:27:48]} 7. Bg3 {[%clk 1:32:01]} O-O
{[%clk 1:27:36]} 8. Bd3 {[%clk 1:32:22]} Re8 {[%clk 1:27:04]} 9. Ne5
{[%clk 1:28:43]} Bxe5 {[%clk 1:20:26]} 10. dxe5 {[%clk 1:27:27]} Nd7
{[%clk 1:20:48]} 11. f4 {[%clk 1:25:01]} c4 {[%clk 1:20:09]} 12. Bc2
{[%clk 1:20:54]} Qb6 {[%clk 1:20:15]} 13. O-O {[%clk 1:21:00]} Qxb2
{[%clk 1:18:00]} 14. Rc1 {[%clk 1:20:56]} Qxa2 {[%clk 1:11:11]} 15. Nf3
{[%clk 1:09:35]} Nf8 {[%clk 1:11:12]} 16. Ng5 {[%clk 0:56:36]} Ne7
{[%clk 1:08:20]} 17. Qh5 {[%clk 0:48:10]} Neg6 {[%clk 1:06:46]} 18. e4
{[%clk 0:40:01]} dxe4 {[%clk 1:04:05]} 19. Nxe4 {[%clk 0:39:12]} Qa5
{[%clk 1:03:48]} 20. Ra1 {[%clk 0:31:20]} Qb6+ {[%clk 1:01:50]} 21. Bf2
{[%clk 0:29:43]} Qc7 {[%clk 1:00:02]} 22. Bc5 {[%clk 0:27:43]} Rd8
{[%clk 0:56:01]} 23. Bd6 {[%clk 0:24:07]} Qb6+ {[%clk 0:56:03]} 24. Kh1
{[%clk 0:23:33]} f5 {[%clk 0:54:57]} 25. Ng5 {[%clk 0:15:02]} Rxd6
{[%clk 0:53:50]} 26. exd6 {[%clk 0:15:29]} h6 {[%clk 0:54:09]} 27. Nf3
{[%clk 0:11:36]} Qxd6 {[%clk 0:54:24]} 28. Rad1 {[%clk 0:10:57]} Qc7
{[%clk 0:52:21]} 29. Ne5 {[%clk 0:07:28]} Nxf4 {[%clk 0:50:39]} 30. Rxf4
{[%clk 0:07:25]} Qxe5 {[%clk 0:50:59]} 31. Rxc4 {[%clk 0:07:19]} Bd7
{[%clk 0:51:19]} 32. Qh4 {[%clk 0:06:44]} Bc6 {[%clk 0:50:48]} 33. Qf2
{[%clk 0:06:46]} a5 {[%clk 0:48:44]} 34. Rc5 {[%clk 0:07:02]} Qc7
{[%clk 0:48:36]} 35. Qd4 {[%clk 0:05:20]} b6 {[%clk 0:46:29]} 36. Rc4
{[%clk 0:04:16]} Qb7 {[%clk 0:46:50]} 37. Rd2 {[%clk 0:03:34]} Bb5
{[%clk 0:46:59]} 38. Bxf5 {[%clk 0:00:58]} exf5 {[%clk 0:47:08]} 39. Rc7
{[%clk 0:00:59]} Qxc7 {[%clk 0:47:10]} 40. Qd5+ {[%clk 0:31:25]} Kh7
{[%clk 1:17:10]} 41. Qxa8 {[%clk 0:31:41]} Qxc3 {[%clk 1:16:51]} 42. Qxf8
{[%clk 0:30:57]} Qc1+ {[%clk 1:17:15]} 0-1

[Event "eytcc"]
[Site "?"]
[Date "2017.08.19"]
[Round "3.9"]
[White "Ozer, Omer Faruk"]
[Black "Gorodetzky, David"]
[Result "1/2-1/2"]
[BlackElo "2409"]
[WhiteElo "2411"]
[LiveChessVersion "1.4.4"]

1. e4 {[%clk 1:30:55]} e6 {[%clk 1:30:58]} 2. d4 {[%clk 1:31:11]} d5
{[%clk 1:31:27]} 3. Nc3 {[%clk 1:31:31]} dxe4 {[%clk 1:30:47]} 4. Nxe4
{[%clk 1:31:54]} Nd7 {[%clk 1:31:13]} 5. Nf3 {[%clk 1:31:09]} Ngf6
{[%clk 1:31:41]} 6. Bd3 {[%clk 1:31:14]} c5 {[%clk 1:29:59]} 7. O-O
{[%clk 1:27:40]} Nxe4 {[%clk 1:17:09]} 8. Bxe4 {[%clk 1:27:55]} Nf6
{[%clk 1:17:35]} 9. Bd3 {[%clk 1:27:30]} cxd4 {[%clk 1:17:41]} 10. Nxd4
{[%clk 1:27:30]} Bc5 {[%clk 1:17:06]} 11. Nb3 {[%clk 1:13:28]} Bd6
{[%clk 1:16:52]} 12. Re1 {[%clk 1:00:03]} Qc7 {[%clk 1:09:47]} 13. h3
{[%clk 1:00:12]} Bd7 {[%clk 1:06:56]} 14. Bg5 {[%clk 0:58:55]} h6
{[%clk 0:55:16]} 15. Bxf6 {[%clk 0:56:12]} gxf6 {[%clk 0:55:44]} 16. Re4
{[%clk 0:51:38]} Bh2+ {[%clk 0:41:47]} 17. Kh1 {[%clk 0:51:40]} Be5
{[%clk 0:41:51]} 18. Qh5 {[%clk 0:47:24]} Bc6 {[%clk 0:37:37]} 19. Rc4
{[%clk 0:46:57]} Rg8 {[%clk 0:35:40]} 20. f3 {[%clk 0:47:00]} Qb6
{[%clk 0:32:57]} 21. Rf1 {[%clk 0:40:04]} Ke7 {[%clk 0:28:22]} 22. Qxh6
{[%clk 0:29:35]} a5 {[%clk 0:18:08]} 23. a4 {[%clk 0:24:26]} Bd5 {[%clk 0:14:01]}
24. Rc5 {[%clk 0:23:52]} Bc6 {[%clk 0:05:09]} 25. Rc4 {[%clk 0:12:00]} Bd5
{[%clk 0:03:50]} 26. Rc5 {[%clk 0:12:29]} Bc6 {[%clk 0:02:52]} 27. Rc4
{[%clk 0:12:58]} Bd5 {[%clk 0:01:40]} 1/2-1/2

[Event "eytcc"]
[Site "?"]
[Date "2017.08.19"]
[Round "3.10"]
[White "Parkhov, Yair"]
[Black "Gokerkan, Cem Kaan"]
[Result "1/2-1/2"]
[BlackElo "2357"]
[WhiteElo "2382"]
[LiveChessVersion "1.4.4"]

1. c4 {[%clk 1:30:57]} e5 {[%clk 1:28:13]} 2. Nc3 {[%clk 1:31:19]} Nc6
{[%clk 1:28:35]} 3. Nf3 {[%clk 1:31:42]} g6 {[%clk 1:28:36]} 4. g3
{[%clk 1:28:26]} Bg7 {[%clk 1:28:46]} 5. Bg2 {[%clk 1:28:46]} d6 {[%clk 1:28:28]}
6. d3 {[%clk 1:28:42]} Nge7 {[%clk 1:28:35]} 7. O-O {[%clk 1:28:36]} h6
{[%clk 1:20:04]} 8. Rb1 {[%clk 1:28:25]} a5 {[%clk 1:20:32]} 9. a3
{[%clk 1:28:01]} Be6 {[%clk 1:20:05]} 10. Bd2 {[%clk 1:18:39]} Qd7
{[%clk 1:15:45]} 11. b4 {[%clk 1:03:25]} axb4 {[%clk 1:15:59]} 12. axb4
{[%clk 1:03:48]} Bh3 {[%clk 1:15:56]} 13. b5 {[%clk 1:04:03]} Nd8
{[%clk 1:15:14]} 14. Ra1 {[%clk 0:56:07]} Rxa1 {[%clk 1:14:18]} 15. Qxa1
{[%clk 0:54:08]} Bxg2 {[%clk 1:14:42]} 16. Kxg2 {[%clk 0:54:30]} O-O
{[%clk 1:14:55]} 17. Qa3 {[%clk 0:44:52]} f5 {[%clk 1:11:34]} 18. Ng1
{[%clk 0:22:35]} Kh7 {[%clk 1:10:48]} 19. e4 {[%clk 0:21:27]} Ne6
{[%clk 1:10:27]} 20. f3 {[%clk 0:21:00]} h5 {[%clk 1:02:48]} 21. Nd5
{[%clk 0:17:03]} Bh6 {[%clk 0:59:58]} 22. Bxh6 {[%clk 0:14:58]} Kxh6
{[%clk 1:00:26]} 23. Ne2 {[%clk 0:11:27]} f4 {[%clk 0:51:19]} 24. gxf4
{[%clk 0:10:30]} Nxd5 {[%clk 0:51:26]} 25. cxd5 {[%clk 0:10:27]} Nxf4+
{[%clk 0:51:35]} 26. Nxf4 {[%clk 0:10:48]} Rxf4 {[%clk 0:50:54]} 27. Qa8
{[%clk 0:09:26]} b6 {[%clk 0:16:58]} 28. Qh8+ {[%clk 0:08:09]} Qh7
{[%clk 0:17:22]} 29. Qxh7+ {[%clk 0:06:47]} Kxh7 {[%clk 0:17:51]} 30. Ra1
{[%clk 0:05:41]} Rf7 {[%clk 0:18:00]} 31. Ra8 {[%clk 0:04:53]} g5
{[%clk 0:16:12]} 32. h3 {[%clk 0:04:58]} Kg7 {[%clk 0:12:35]} 1/2-1/2

[Event "eytcc"]
[Site "?"]
[Date "2017.08.19"]
[Round "3.11"]
[White "Ozen, Deniz"]
[Black "Zlatin, Alexander"]
[Result "1/2-1/2"]
[BlackElo "2149"]
[WhiteElo "2380"]
[LiveChessVersion "1.4.4"]

1. e4 {[%clk 1:30:59]} c5 {[%clk 1:30:42]} 2. Nf3 {[%clk 1:31:23]} d6
{[%clk 1:31:04]} 3. Bb5+ {[%clk 1:31:49]} Bd7 {[%clk 1:31:25]} 4. Bxd7+
{[%clk 1:32:14]} Qxd7 {[%clk 1:31:47]} 5. O-O {[%clk 1:32:39]} Nf6
{[%clk 1:32:04]} 6. Qe2 {[%clk 1:32:40]} Nc6 {[%clk 1:32:26]} 7. Rd1
{[%clk 1:33:06]} Rc8 {[%clk 1:32:36]} 8. d4 {[%clk 1:13:25]} cxd4
{[%clk 1:32:17]} 9. Nxd4 {[%clk 1:13:12]} g6 {[%clk 1:31:03]} 10. Nf3
{[%clk 1:02:30]} Bg7 {[%clk 1:18:49]} 11. Nc3 {[%clk 1:00:45]} Ng4
{[%clk 1:09:16]} 12. h3 {[%clk 0:58:03]} Nge5 {[%clk 1:00:19]} 13. Nxe5
{[%clk 0:58:26]} Bxe5 {[%clk 0:59:25]} 14. Bh6 {[%clk 0:46:20]} Nd4
{[%clk 0:41:05]} 15. Qd3 {[%clk 0:42:12]} Ne6 {[%clk 0:39:52]} 16. Be3
{[%clk 0:31:09]} Nc5 {[%clk 0:35:16]} 17. Qd2 {[%clk 0:26:45]} Qc6
{[%clk 0:28:02]} 18. f3 {[%clk 0:26:09]} Bxc3 {[%clk 0:22:36]} 19. Qxc3
{[%clk 0:25:48]} f6 {[%clk 0:23:02]} 20. Qc4 {[%clk 0:20:02]} Na4
{[%clk 0:17:51]} 21. Qe6 {[%clk 0:16:37]} Nc5 {[%clk 0:17:18]} 22. Qd5
{[%clk 0:14:33]} Qxd5 {[%clk 0:15:05]} 23. Rxd5 {[%clk 0:14:47]} b6
{[%clk 0:14:41]} 24. b3 {[%clk 0:14:20]} Kd7 {[%clk 0:12:45]} 25. c4
{[%clk 0:14:36]} a5 {[%clk 0:11:49]} 26. Rad1 {[%clk 0:14:04]} Kc6
{[%clk 0:11:41]} 27. Rb1 {[%clk 0:13:26]} Kd7 {[%clk 0:10:40]} 28. Rbd1
{[%clk 0:13:49]} Kc6 {[%clk 0:10:45]} 29. Rb1 {[%clk 0:13:45]} Kd7
{[%clk 0:11:02]} 30. Bf2 {[%clk 0:12:15]} Rb8 {[%clk 0:10:02]} 31. Rd2
{[%clk 0:10:31]} Rb7 {[%clk 0:08:31]} 32. Kf1 {[%clk 0:09:01]} Ra8
{[%clk 0:07:43]} 33. Rd5 {[%clk 0:08:32]} Kc6 {[%clk 0:07:50]} 34. Ke2
{[%clk 0:08:21]} Na6 {[%clk 0:07:20]} 35. Rd2 {[%clk 0:07:16]} Nc5
{[%clk 0:07:08]} 36. Rd5 {[%clk 0:07:31]} Na6 {[%clk 0:07:35]} 37. Rd2
{[%clk 0:07:55]} Nc5 {[%clk 0:08:02]} 38. Rd5 {[%clk 0:08:19]} 1/2-1/2

[Event "eytcc"]
[Site "?"]
[Date "2017.08.19"]
[Round "3.12"]
[White "Gorodetzky, Matan"]
[Black "Dedebas, Emre Emin"]
[Result "1/2-1/2"]
[BlackElo "2273"]
[WhiteElo "1980"]
[LiveChessVersion "1.4.4"]

1. e4 {[%clk 1:30:57]} e6 {[%clk 1:30:56]} 2. d4 {[%clk 1:30:27]} d5
{[%clk 1:31:16]} 3. Nd2 {[%clk 1:30:51]} c5 {[%clk 1:31:41]} 4. exd5
{[%clk 1:30:29]} exd5 {[%clk 1:32:03]} 5. Ngf3 {[%clk 1:28:58]} a6
{[%clk 1:32:11]} 6. dxc5 {[%clk 1:27:16]} Bxc5 {[%clk 1:32:33]} 7. Nb3
{[%clk 1:27:01]} Bb6 {[%clk 1:32:53]} 8. Bd3 {[%clk 1:24:53]} Qe7+
{[%clk 1:32:14]} 9. Be2 {[%clk 1:19:59]} Nf6 {[%clk 1:24:34]} 10. O-O
{[%clk 1:15:50]} O-O {[%clk 1:22:01]} 11. Bg5 {[%clk 1:14:02]} h6
{[%clk 1:10:01]} 12. Bh4 {[%clk 1:08:06]} g5 {[%clk 0:51:23]} 13. Bg3
{[%clk 1:06:32]} Be6 {[%clk 0:50:28]} 14. Nfd4 {[%clk 0:44:23]} Nc6
{[%clk 0:36:58]} 15. f3 {[%clk 0:32:48]} Rfe8 {[%clk 0:23:55]} 16. Bf2
{[%clk 0:26:42]} Ne5 {[%clk 0:21:01]} 17. Nxe6 {[%clk 0:23:18]} Bxf2+
{[%clk 0:18:33]} 18. Rxf2 {[%clk 0:23:39]} fxe6 {[%clk 0:16:05]} 19. Qc1
{[%clk 0:19:17]} Nf7 {[%clk 0:14:20]} 20. Bd3 {[%clk 0:17:49]} e5
{[%clk 0:14:06]} 21. Qf1 {[%clk 0:12:37]} Kg7 {[%clk 0:12:44]} 22. Re1
{[%clk 0:12:05]} b5 {[%clk 0:12:16]} 23. c3 {[%clk 0:11:53]} Rad8
{[%clk 0:10:46]} 24. Rfe2 {[%clk 0:11:42]} Qd6 {[%clk 0:05:54]} 25. Qf2
{[%clk 0:11:12]} Rd7 {[%clk 0:01:18]} 26. Bf5 {[%clk 0:08:35]} Rde7
{[%clk 0:01:43]} 27. Rd1 {[%clk 0:08:39]} Qc7 {[%clk 0:01:44]} 28. Nc5
{[%clk 0:04:09]} Nd6 {[%clk 0:01:31]} 29. Bb1 {[%clk 0:04:32]} Qc6
{[%clk 0:01:27]} 30. Nb3 {[%clk 0:04:11]} Nf7 {[%clk 0:00:45]} 31. Rde1
{[%clk 0:04:15]} 1/2-1/2

[Event "eytcc"]
[Site "?"]
[Date "2017.08.19"]
[Round "3.13"]
[White "Nayhebaver, Martin"]
[Black "Kantor, Gergely"]
[Result "0-1"]
[BlackElo "2479"]
[WhiteElo "2451"]
[LiveChessVersion "1.4.4"]

1. e4 {[%clk 1:30:51]} e5 {[%clk 1:30:55]} 2. Nf3 {[%clk 1:31:00]} Nc6
{[%clk 1:31:21]} 3. Bb5 {[%clk 1:31:07]} Nf6 {[%clk 1:31:28]} 4. O-O
{[%clk 1:29:10]} Nxe4 {[%clk 1:31:50]} 5. d4 {[%clk 1:28:26]} Nd6
{[%clk 1:30:42]} 6. Bxc6 {[%clk 1:27:24]} dxc6 {[%clk 1:30:23]} 7. dxe5
{[%clk 1:27:48]} Nf5 {[%clk 1:30:47]} 8. Qxd8+ {[%clk 1:28:10]} Kxd8
{[%clk 1:31:12]} 9. h3 {[%clk 1:25:00]} Bd7 {[%clk 1:30:31]} 10. Rd1
{[%clk 1:23:59]} Be7 {[%clk 1:23:32]} 11. Nc3 {[%clk 1:17:49]} Kc8
{[%clk 1:20:45]} 12. a4 {[%clk 1:05:43]} a5 {[%clk 1:17:48]} 13. Ne4
{[%clk 1:00:12]} h6 {[%clk 1:13:20]} 14. b3 {[%clk 0:44:48]} b6 {[%clk 1:00:49]}
15. Ba3 {[%clk 0:36:05]} Bxa3 {[%clk 0:53:44]} 16. Rxa3 {[%clk 0:36:26]} c5
{[%clk 0:53:02]} 17. Raa1 {[%clk 0:24:11]} Bc6 {[%clk 0:51:12]} 18. Ned2
{[%clk 0:24:03]} Kb7 {[%clk 0:46:50]} 19. Kf1 {[%clk 0:20:30]} Rad8
{[%clk 0:44:18]} 20. c3 {[%clk 0:18:01]} Rd3 {[%clk 0:33:21]} 21. Rac1
{[%clk 0:18:19]} Rhd8 {[%clk 0:30:36]} 22. Ke2 {[%clk 0:18:06]} Ne7
{[%clk 0:24:34]} 23. Ne1 {[%clk 0:14:10]} R3d7 {[%clk 0:16:28]} 24. g3
{[%clk 0:11:54]} g5 {[%clk 0:14:16]} 25. Nc4 {[%clk 0:09:34]} Rxd1
{[%clk 0:12:41]} 26. Rxd1 {[%clk 0:10:03]} Rxd1 {[%clk 0:12:28]} 27. Kxd1
{[%clk 0:10:31]} Ng6 {[%clk 0:11:00]} 28. Ke2 {[%clk 0:06:15]} Bd7
{[%clk 0:09:34]} 29. Kf3 {[%clk 0:02:27]} Bxh3 {[%clk 0:04:50]} 30. g4
{[%clk 0:02:46]} Nf4 {[%clk 0:03:35]} 31. Ne3 {[%clk 0:03:01]} h5
{[%clk 0:03:41]} 32. Kg3 {[%clk 0:02:51]} hxg4 {[%clk 0:03:24]} 33. Nxg4
{[%clk 0:02:51]} Bf1 {[%clk 0:02:57]} 34. Ne3 {[%clk 0:00:47]} Be2
{[%clk 0:03:00]} 35. Nf3 {[%clk 0:00:38]} Ne6 {[%clk 0:02:55]} 36. Nf5
{[%clk 0:00:34]} Bd1 {[%clk 0:00:33]} 37. Nd2 {[%clk 0:00:38]} Kc6
{[%clk 0:00:38]} 38. Ne3 {[%clk 0:00:37]} Bh5 {[%clk 0:00:51]} 39. Ne4
{[%clk 0:00:42]} Bg6 {[%clk 0:00:54]} 40. Nd2 {[%clk 0:30:32]} Bh5
{[%clk 0:30:33]} 41. Ne4 {[%clk 0:27:35]} Bg6 {[%clk 0:25:55]} 42. Nd2
{[%clk 0:26:58]} Bd3 {[%clk 0:14:57]} 43. Kg4 {[%clk 0:27:04]} Kd7
{[%clk 0:14:51]} 44. f3 {[%clk 0:23:03]} Ke7 {[%clk 0:13:31]} 45. Nd5+
{[%clk 0:12:12]} Kf8 {[%clk 0:12:08]} 46. Ne3 {[%clk 0:12:34]} Kg7
{[%clk 0:10:51]} 47. Nd5 {[%clk 0:10:40]} Kh6 {[%clk 0:08:36]} 48. Ne7
{[%clk 0:08:18]} Bc2 {[%clk 0:05:54]} 49. Nf5+ {[%clk 0:06:47]} Kg6
{[%clk 0:06:15]} 50. Ne3 {[%clk 0:05:52]} Bd3 {[%clk 0:06:31]} 51. Nd5
{[%clk 0:05:55]} Bf5+ {[%clk 0:06:26]} 52. Kg3 {[%clk 0:06:24]} Bc2
{[%clk 0:06:47]} 53. Ne3 {[%clk 0:03:22]} Bd3 {[%clk 0:06:55]} 54. Kg4
{[%clk 0:02:25]} Nf4 {[%clk 0:06:56]} 55. Ne4 {[%clk 0:00:47]} Bxe4
{[%clk 0:02:22]} 56. fxe4 {[%clk 0:01:15]} Nd3 {[%clk 0:02:28]} 57. Nd5
{[%clk 0:01:03]} Nxe5+ {[%clk 0:02:13]} 58. Kg3 {[%clk 0:01:32]} c4
{[%clk 0:02:10]} 59. b4 {[%clk 0:00:46]} axb4 {[%clk 0:00:55]} 60. cxb4
{[%clk 0:01:05]} c6 {[%clk 0:00:57]} 61. Nc3 {[%clk 0:00:40]} Kf6
{[%clk 0:00:37]} 62. a5 {[%clk 0:00:40]} b5 {[%clk 0:00:48]} 63. Ne2
{[%clk 0:00:46]} Ke6 {[%clk 0:00:36]} 64. a6 {[%clk 0:00:46]} Nd7
{[%clk 0:00:36]} 65. Nd4+ {[%clk 0:00:37]} Kd6 {[%clk 0:01:00]} 66. Kg4
{[%clk 0:00:38]} Kc7 {[%clk 0:00:36]} 67. a7 {[%clk 0:00:33]} Kb7
{[%clk 0:00:33]} 68. Nxc6 {[%clk 0:00:33]} c3 {[%clk 0:00:55]} 69. Nd4
{[%clk 0:00:36]} Ne5+ {[%clk 0:01:12]} 70. Kf5 {[%clk 0:00:37]} g4
{[%clk 0:00:48]} 71. Kf4 {[%clk 0:00:36]} Nd3+ {[%clk 0:00:36]} 72. Ke3
{[%clk 0:00:31]} Nxb4 {[%clk 0:00:53]} 73. Nxb5 {[%clk 0:00:50]} c2
{[%clk 0:01:08]} 74. Kd2 {[%clk 0:00:52]} g3 {[%clk 0:01:31]} 75. Nd4
{[%clk 0:00:37]} g2 {[%clk 0:01:40]} 0-1